000 00986nam a2200265 a 4500
008
020 _a1873936591 (hbk. )
049 _aMAIN
090 _aTK1087
_bPHO
245 0 0 _aPhotovoltaics in buildings :
_ba design handbook for architects and engineers /
_cedited by Friedrich Sick [and] Thomas Erge.
260 _aLondon :
_bJames and James (Science Publishers),
_cc1996.
300 _avi, 287 p. :
_bill. ;
_c30 cm.
504 _aIncludes bibliographical references.
500 _aIncludes index.
650 0 _aBuilding-integrated photovoltaic systems
_xHandbooks, manuals, etc.
650 0 _aBuildings
_xEnergy conservation
_xHandbooks, manuals, etc.
700 1 _aSick, Friedrich.
700 1 _aErge, Thomas.
710 2 _aInternational Energy Agency.
_bSolar Heating and Cooling Programme.
907 _a.b10313898
_b16-05-12
_c04-05-12
003
005 20230123125431.0
040 _cNUST
942 _cBOOKS
_kTK1087
_mPHO
999 _c141417
_d141417